[Event "Arber op 6th"]
[Site "Bodenmais"]
[Date "2017.08.01"]
[Round "4"]
[White "Bensch, Patrick"]
[Black "Stensholt, Sigvat K"]
[Result "1-0"]
[WhiteElo "2177"]
[BlackElo "1794"]
[PlyCount "87"]
[EventDate "2017.07.29"]
[EventType "swiss"]
[EventRounds "9"]
[EventCountry "GER"]
[SourceTitle "CBM 179 Extra"]
[Source "ChessBase"]
[SourceDate "2017.08.23"]
[SourceVersion "1"]
[SourceVersionDate "2017.08.23"]
[SourceQuality "1"]

1. e4 Nf6 2. e5 Nd5 3. d4 d6 4. c4 Nb6 5. f4 dxe5 6. fxe5 Nc6 7. Be3 Bf5 8. Nc3 e6 9. Nf3 Bg4 10. Be2 Bxf3 11. gxf3 Qh4+ 12. Bf2 Qf4 13. c5 Nd7 14. Qc1 Qxc1+ 15. Rxc1 a6 16. f4 Ne7 17. c6 Nxc6 18. d5 exd5 19. Nxd5 Kd8 20. 0-0 g5 21. Rfd1 gxf4 22. Rxc6 bxc6 23. Nf6 Bd6 24. exd6 Nxf6 25. Bh4 Rg8+ 26. Kh1 cxd6 27. Rxd6+ Kc7 28. Rxf6 Rg7 29. Rxf4 Kb7 30. Rb4+ Kc7 31. Bg3+ Kd7 32. Rd4+ Ke7 33. Bd6+ Ke8 34. Bg4 Rg6 35. Re4+ Kd8 36. Bc5 Rb8 37. Rd4+ Kc7 38. Bf5 Rg5 39. Rd7+ Kc8 40. Rxf7+ Kd8 41. b4 a5 42. Bd6 Rxf5 43. Rxf5 Rb6 44. Rxa5 1-0

[Event "Arber op 6th"]
[Site "Bodenmais"]
[Date "2017.07.31"]
[Round "3"]
[White "Kneutgen, Alexander"]
[Black "Stensholt, Sigvat K"]
[Result "1/2-1/2"]
[WhiteElo "2012"]
[BlackElo "1794"]
[PlyCount "27"]
[EventDate "2017.07.29"]
[EventType "swiss"]
[EventRounds "9"]
[EventCountry "GER"]
[SourceTitle "CBM 179 Extra"]
[Source "ChessBase"]
[SourceDate "2017.08.23"]
[SourceVersion "1"]
[SourceVersionDate "2017.08.23"]
[SourceQuality "1"]

1. Nf3 Nf6 2. g3 g6 3. Bg2 Bg7 4. 0-0 0-0 5. d3 d5 6. Nbd2 Nbd7 7. e4 dxe4 8. dxe4 e5 9. Qe2 Qe7 10. b3 b6 11. Bb2 a5 12. Rfd1 a4 13. Nc4 Ba6 14. Nfd2 1/2-1/2

[Event "Hordaland-ch NGP"]
[Site "Bergen"]
[Date "2017.05.25"]
[Round "1"]
[White "Ziegler, Lars"]
[Black "Stensholt, Sigvat K"]
[Result "0-1"]
[WhiteElo "1390"]
[BlackElo "1688"]
[PlyCount "44"]
[EventDate "2017.05.25"]
[EventType "swiss"]
[EventRounds "6"]
[EventCountry "NOR"]
[SourceTitle "EXT 2024"]
[Source "ChessBase"]
[SourceDate "2023.10.10"]
[SourceVersion "1"]
[SourceVersionDate "2023.10.10"]
[SourceQuality "1"]

1. c4 c5 2. g3 Nf6 3. Bg2 d5 4. cxd5 Nxd5 5. Nc3 Nc7 6. Nf3 Nc6 7. 0-0 e5 8. d3 Be7 9. Bd2 0-0 10. Qc2 Bf5 11. Na4 Ne6 12. Be3 Ned4 13. Bxd4 cxd4 14. Rac1 Qa5 15. a3 Rac8 16. Qd1 Be6 17. Nd2 Qd8 18. Nc5 Bxc5 19. Rxc5 f6 20. Qc2 Qd7 21. Rc1 Ne7 22. h4 Rxc5 0-1

[Event "West Bromwich 4NCL op-B 9th"]
[Site "West Bromwich"]
[Date "2016.07.10"]
[Round "5.4"]
[White "Ansari, Athar"]
[Black "Stensholt, Sigvat K"]
[Result "1-0"]
[WhiteElo "1773"]
[BlackElo "1857"]
[PlyCount "75"]
[EventDate "2016.07.08"]
[EventType "swiss"]
[EventRounds "5"]
[EventCountry "ENG"]
[SourceTitle "EXT 2023"]
[Source "ChessBase"]
[SourceDate "2022.10.05"]
[SourceVersion "1"]
[SourceVersionDate "2022.10.05"]
[SourceQuality "1"]

1. e4 Nf6 2. Nc3 e5 3. Nf3 Nc6 4. d4 exd4 5. Nxd4 Bb4 6. Nxc6 bxc6 7. Bd3 0-0 8. 0-0 Re8 9. Bg5 h6 10. Bh4 g5 11. Bg3 Bxc3 12. bxc3 Nxe4 13. Qh5 Kg7 14. f4 Nf6 15. Qd1 d6 16. fxg5 hxg5 17. Qf3 Be6 18. h4 Nd5 19. Rae1 g4 20. Qf2 Qf6 21. Qd2 Qh6 22. Qf2 Qf6 23. Qd2 Qh6 24. Qxh6+ Kxh6 25. c4 Nb4 26. Bf4+ Kg7 27. h5 Nxd3 28. cxd3 Rab8 29. Bd2 Kh7 30. Bc3 Kh6 31. Rf6+ Kh7 32. Kf2 d5 33. c5 Rg8 34. Kg3 Rb5 35. Kh4 Rxc5 36. Rexe6 fxe6 37. Rf7+ Kh6 38. Bd2+ 1-0

[Event "West Bromwich 4NCL op-B 9th"]
[Site "West Bromwich"]
[Date "2016.07.08"]
[Round "1.11"]
[White "Wiltshir, Rich"]
[Black "Stensholt, Sigvat K"]
[Result "0-1"]
[WhiteElo "1662"]
[BlackElo "1857"]
[PlyCount "62"]
[EventDate "2016.07.08"]
[EventType "swiss"]
[EventRounds "5"]
[EventCountry "ENG"]
[SourceTitle "EXT 2023"]
[Source "ChessBase"]
[SourceDate "2022.10.05"]
[SourceVersion "1"]
[SourceVersionDate "2022.10.05"]
[SourceQuality "1"]

1. d4 d5 2. Nf3 Nf6 3. g3 g6 4. Bg2 Bg7 5. 0-0 0-0 6. Nbd2 c6 7. b3 Ne4 8. Nxe4 dxe4 9. Ne5 f6 10. Nc4 f5 11. Bb2 Nd7 12. d5 Bxb2 13. Nxb2 Ne5 14. dxc6 Nxc6 15. Nc4 Be6 16. Ne3 Qa5 17. Qe1 Qc7 18. c4 Rad8 19. Qc3 Ne5 20. a3 g5 21. g4 f4 22. Nf5 Bxf5 23. gxf5 f3 24. exf3 Rd3 25. Qc1 exf3 26. Qxg5+ Kh8 27. f6 Rxf6 28. Qh5 Rg6 29. Rfe1 Rxg2+ 30. Kf1 Ng6 31. Qb5 Rxf2+ 0-1

[Event "South Wales op 10th"]
[Site "Penarth"]
[Date "2013.07.14"]
[Round "3"]
[White "Rees, Ioan"]
[Black "Stensholt, Sigvat K"]
[Result "1-0"]
[WhiteElo "2258"]
[BlackElo "1945"]
[PlyCount "61"]
[EventDate "2013.07.14"]
[EventType "swiss"]
[EventRounds "9"]
[EventCountry "WLS"]
[SourceTitle "CBM 155 Extra"]
[Source "ChessBase"]
[SourceDate "2013.08.26"]
[SourceVersion "1"]
[SourceVersionDate "2013.08.26"]
[SourceQuality "1"]

1. e4 Nf6 2. e5 Nd5 3. Nc3 Nxc3 4. dxc3 d5 5. f4 Bf5 6. Nf3 e6 7. Bd3 Bxd3 8. Qxd3 c6 9. Be3 Nd7 10. 0-0 Nc5 11. Bxc5 Bxc5+ 12. Kh1 Qb6 13. f5 0-0-0 14. Ng5 Rd7 15. fxe6 fxe6 16. Nxe6 Re7 17. Qh3 Kb8 18. b4 Be3 19. Rf3 d4 20. Raf1 Rhe8 21. Nc5 Qc7 22. e6 Ka8 23. Rf7 b6 24. Rxe7 Qxe7 25. Qf3 bxc5 26. Qxc6+ Kb8 27. bxc5 a5 28. Rb1+ Ka7 29. Qb6+ Ka8 30. Qa6+ Qa7 31. Qc6+ 1-0

[Event "Bergen Grand Prix"]
[Site "Bergen"]
[Date "2010.11.27"]
[Round "2"]
[White "Jacobsen, Caroline Beer"]
[Black "Stensholt, Sigvat K"]
[Result "0-1"]
[WhiteElo "1195"]
[BlackElo "1415"]
[PlyCount "118"]
[EventDate "2010.11.26"]
[EventType "swiss"]
[EventRounds "5"]
[EventCountry "NOR"]
[SourceTitle "EXT 2024"]
[Source "ChessBase"]
[SourceDate "2023.10.10"]
[SourceVersion "1"]
[SourceVersionDate "2023.10.10"]
[SourceQuality "1"]

1. e4 Nf6 2. e5 Nd5 3. d4 d6 4. exd6 Qxd6 5. Nf3 Bg4 6. Nbd2 Qe6+ 7. Qe2 Qc6 8. Qc4 e6 9. Ne5 Qxc4 10. Bxc4 Bf5 11. Bd3 Bxd3 12. Nxd3 Nc6 13. Nf3 Ncb4 14. Kd2 Nxd3 15. Kxd3 Be7 16. Bd2 Nb4+ 17. Kc4 Nc6 18. b3 Bf6 19. Bc3 0-0-0 20. Rad1 a6 21. b4 b5+ 22. Kb3 Rd5 23. Bb2 Rhd8 24. c3 e5 25. Rhe1 exd4 26. Nxd4 Nxd4+ 27. cxd4 Bxd4 28. Rxd4 Rxd4 29. Bxd4 Rxd4 30. Re7 Rd7 31. Re8+ Kb7 32. Kc2 f6 33. Re4 c5 34. bxc5 Rc7 35. Kb3 Rxc5 36. Re7+ Rc7 37. Rxc7+ Kxc7 38. Kc3 a5 39. a3 Kc6 40. Kb3 Kc5 41. f4 Kd4 42. g4 Ke4 43. g5 Kxf4 44. gxf6 gxf6 45. Kc3 Ke3 46. Kc2 f5 47. Kd1 Kf2 48. h4 f4 49. Kd2 f3 50. h5 Kg2 51. Ke1 f2+ 52. Kd2 f1Q 53. Ke3 Qc4 54. h6 b4 55. axb4 axb4 56. Kd2 b3 57. Ke3 b2 58. Kd2 b1Q 59. Ke3 Qbd3# 0-1

[Event "Bergen Hordaland op"]
[Site "Bergen"]
[Date "2008.04.04"]
[Round "1"]
[White "Stensholt, Sigvat K"]
[Black "Nilsen, Joachim Birger"]
[Result "0-1"]
[WhiteElo "1251"]
[BlackElo "1976"]
[PlyCount "48"]
[EventDate "2008.04.04"]
[EventType "swiss"]
[EventRounds "5"]
[EventCountry "NOR"]
[SourceTitle "EXT 2010"]
[Source "ChessBase"]
[SourceDate "2010.11.25"]
[SourceVersion "1"]
[SourceVersionDate "2010.11.25"]
[SourceQuality "1"]

1. d4 Nf6 2. c4 Nc6 3. Nf3 e6 4. Nc3 Bb4 5. e3 0-0 6. Bd3 d6 7. 0-0 Bxc3 8. bxc3 e5 9. Nd2 Qe7 10. Ba3 Bg4 11. Qc2 Rae8 12. Rab1 e4 13. Rxb7 exd3 14. Qxd3 Bc8 15. Rb3 Ne4 16. d5 Nxd2 17. Qxd2 Ne5 18. Qd4 Ba6 19. Rb4 c5 20. dxc6 Nxc6 21. Qg4 Nxb4 22. cxb4 Qe6 23. Qg3 Qxc4 24. Bb2 Qxf1# 0-1

[Event "Bergen Sommer op"]
[Site "Bergen"]
[Date "2006.08.06"]
[Round "1"]
[White "Nilsen, Joachim Birger"]
[Black "Stensholt, Sigvat K"]
[Result "0-1"]
[WhiteElo "1570"]
[BlackElo "1223"]
[PlyCount "122"]
[EventDate "2006.08.06"]
[EventType "swiss"]
[EventRounds "6"]
[EventCountry "NOR"]
[SourceTitle "EXT 2007"]
[Source "ChessBase"]
[SourceDate "2006.11.23"]
[SourceVersion "1"]
[SourceVersionDate "2006.11.23"]
[SourceQuality "1"]

1. g3 Nf6 2. Bg2 d5 3. d4 Bf5 4. Nf3 e6 5. 0-0 c5 6. dxc5 Bxc5 7. Nd4 Be4 8. f3 Bg6 9. Kh1 0-0 10. Nc3 Nc6 11. Nxc6 bxc6 12. Na4 Be7 13. Bg5 h6 14. Bxf6 Bxf6 15. c3 Qa5 16. b4 Qc7 17. Rc1 a5 18. a3 axb4 19. cxb4 Qa7 20. Nc5 Bb2 21. Ra1 Bxa1 22. Qxa1 Qxa3 23. Qxa3 Rxa3 24. Nd7 Rfa8 25. Ne5 R8a6 26. Rc1 Ra1 27. Rg1 Rxg1+ 28. Kxg1 Bc2 29. Nd7 Ra7 30. Ne5 Ba4 31. Nd3 Bb5 32. f4 Bxd3 33. exd3 Rb7 34. Bf3 Rxb4 35. Kf2 Rb2+ 36. Kg1 Rd2 37. g4 Rxd3 38. Be2 Rd2 39. Kf1 c5 40. Ke1 Rd4 41. f5 exf5 42. gxf5 Rh4 43. Bf3 d4 44. Kd2 Rxh2+ 45. Kd3 Rh3 46. Ke4 Rxf3 47. Kxf3 c4 48. Ke4 c3 49. Kxd4 c2 50. Kd3 c1Q 51. Ke4 Kf8 52. Ke5 Ke7 53. Ke4 Qc5 54. Kf4 Kf6 55. Ke4 Qc4+ 56. Kf3 Kxf5 57. Ke3 Qc3+ 58. Ke2 Kf4 59. Kd1 Qb2 60. Ke1 Ke3 61. Kf1 Qf2# 0-1

[Event "Bergen Sommer op"]
[Site "Bergen"]
[Date "2003.08.05"]
[Round "3"]
[White "Nylund, Kjetil"]
[Black "Stensholt, Sigvat K"]
[Result "1/2-1/2"]
[WhiteElo "1167"]
[BlackElo "1161"]
[PlyCount "44"]
[EventDate "2003.08.??"]
[EventType "swiss"]
[EventRounds "6"]
[EventCountry "NOR"]
[SourceTitle "EXT 2005"]
[Source "ChessBase"]
[SourceDate "2004.11.15"]
[SourceVersion "1"]
[SourceVersionDate "2004.11.15"]
[SourceQuality "1"]

1. e4 Nf6 2. e5 Nd5 3. c4 Nb6 4. d4 d6 5. exd6 cxd6 6. Nf3 Bg4 7. b3 g6 8. h3 Bf5 9. g4 Be4 10. Nc3 Bxf3 11. Qxf3 Nc6 12. Be3 Bg7 13. Qd1 e5 14. d5 Nd4 15. Rc1 0-0 16. Bg2 Qe7 17. 0-0 f5 18. Re1 Qh4 19. Ne2 Nxe2+ 20. Qxe2 f4 21. Bxb6 axb6 22. f3 Qd8 1/2-1/2

[Event "Sotra Kretsmesterskap"]
[Site "Sotra"]
[Date "2003.03.02"]
[Round "4"]
[White "Solli, Oddvar"]
[Black "Stensholt, Sigvat K"]
[Result "1/2-1/2"]
[WhiteElo "1567"]
[BlackElo "1137"]
[PlyCount "105"]
[EventDate "2003.02.??"]
[EventType "swiss"]
[EventRounds "5"]
[EventCountry "NOR"]
[SourceTitle "EXT 2005"]
[Source "ChessBase"]
[SourceDate "2004.11.15"]
[SourceVersion "1"]
[SourceVersionDate "2004.11.15"]
[SourceQuality "1"]

1. c4 Nf6 2. Nf3 e6 3. Nc3 Bb4 4. Qc2 0-0 5. a3 Be7 6. d4 d5 7. Bf4 c6 8. e3 Nbd7 9. Bd3 dxc4 10. Bxc4 Nd5 11. Bg3 N7f6 12. Bd3 h6 13. h3 Bd7 14. 0-0 Rc8 15. e4 Nxc3 16. bxc3 c5 17. Qb1 cxd4 18. cxd4 Bc6 19. Rd1 Qa5 20. a4 Rfd8 21. Bb5 Bxe4 22. Bd3 Bxf3 23. gxf3 b6 24. Qb5 Bb4 25. Rac1 Qxb5 26. axb5 Rc3 27. Be5 Nd5 28. Rxc3 Bxc3 29. Bc4 Ba5 30. Kh1 Rc8 31. Bd3 Kf8 32. f4 f6 33. Bd6+ Kf7 34. f5 exf5 35. Bxf5 Rd8 36. Ba3 Nc3 37. Re1 Re8 38. Bg6+ Kxg6 39. Rxe8 Nxb5 40. Bb2 Kf7 41. Re2 Bc3 42. Bxc3 Nxc3 43. Rc2 Nd5 44. Rc8 a5 45. Ra8 g6 46. Kg2 h5 47. Kf3 f5 48. Rd8 Ke6 49. Re8+ Kf6 50. Rf8+ Ke6 51. Rg8 Kf6 52. Rd8 Ke6 53. Re8+ 1/2-1/2